| 000 | 00713nam a2200265Ia 4500 | ||
|---|---|---|---|
| 008 | 160303s9999 xx 000 0 und d | ||
| 020 | _a971-584-378-6 | ||
| 050 | _aFIL JA 86 | ||
| 050 | _b.D36 2005 c.2 | ||
| 100 | _aDannug, Roman R. | ||
| 245 | _aPolitics and governance / | ||
| 245 | _cRoman R. Dannug. | ||
| 260 | _aQuezon City: | ||
| 260 | _bC & E Pub. Inc., | ||
| 260 | _c2005 | ||
| 300 | _a315 pages : | ||
| 300 | _billustrations ; | ||
| 300 | _c22 cm. | ||
| 650 | _a Political science -- | ||
| 650 | _aGlobalization. | ||
| 650 | _aInternet in public administration. | ||
| 650 | _aPhilippines -- Miscellenea. | ||
| 650 | _xPolitics and governement. | ||
| 650 | _xStudy and teaching. | ||
| 999 |
_c291416 _d291416 |
||